| 000 | 00629nac a22001811u 4500 | ||
|---|---|---|---|
| 008 | 100908t2004 xxu|||||r|||| 00| 0 eng d | ||
| 020 | _a8121916674 | ||
| 020 | _a9788121916677 | ||
| 082 | 0 | 0 |
_a620.106 _bRAJ _222 |
| 100 |
_aRajput, R. K. _918782 |
||
| 245 | 0 | 0 |
_aTextbook of Fluid Mechanics : _b("Fluid Mechanics and hydraulic Machines"-Part-1)/ _cR. K. Rajput. |
| 260 |
_aNew Delhi : _bS Chand & Co., _c2004. |
||
| 300 |
_a876 p. : _bill. ; _c24 cm. |
||
| 504 | _aIncludes bibliographical references and index. | ||
| 650 | 0 |
_aFluid mechanics. _918783 |
|
| 700 | 1 |
_aKreith, Frank. _918784 |
|
| 942 |
_cBB _k620.106RAJ _2ddc |
||
| 999 |
_c807 _d807 |
||